[Event "European Rapid 2011"]
[Site "Warsaw POL"]
[Date "2011.12.18"]
[Round "9"]
[White "Klekowski, Maciej"]
[Black "Zhigalko, Andrey"]
[Result "1/2-1/2"]
[BlackTitle "GM"]
[WhiteElo "2308"]
[BlackElo "2572"]
[WhiteFideId "1132717"]
[BlackFideId "13502247"]
[EventDate "2011.12.17"]

1. c4 e5 2. Nc3 Nc6 3. g3 Bc5 4. Bg2 d6 5. e3 Bf5 6. d3 Nf6 7. Nge2 O-O 8. O-O
Bb6 9. Na4 Qd7 10. Re1 Bh3 11. Nxb6 axb6 12. Bh1 d5 13. Nc3 Bg4 14. f3 Be6 15.
b3 Rfd8 16. e4 dxc4 17. dxc4 Qxd1 18. Rxd1 Rxd1+ 19. Nxd1 Nd7 20. Nc3 Nd4 21.
Rb1 c6 22. Be3 Nc5 23. Rd1 Nc2 24. Bf2 f6 25. Bg2 Kf7 26. Bf1 Ke7 27. Rd2 Nb4
28. Be2 Nba6 29. Kf1 Nc7 30. Ke1 Bf7 31. Kd1 N7e6 32. Kc2 Bh5 33. b4 Nd7 34. a4
Bf7 35. Be3 g5 36. Kb2 h5 37. Bd1 h4 38. Be2 Rh8 39. Bf1 hxg3 40. hxg3 Nd4 41.
Bxd4 exd4 42. Rxd4 Rh2+ 43. Be2 Ne5 44. Kc1 Rf2 45. c5 Nxf3 46. Bxf3 Rxf3 47.
Kb2 bxc5 48. bxc5 Be6 49. Rb4 Bc8 50. e5 f5 51. g4 fxg4 52. Ne4 g3 53. Nd6 Bh3
54. Ne4 Ke6 55. Rxb7 1/2-1/2

[Event "European Rapid 2011"]
[Site "Warsaw POL"]
[Date "2011.12.18"]
[Round "9"]
[White "Putka, Verner"]
[Black "Vovk, Yuri"]
[Result "1/2-1/2"]
[BlackTitle "GM"]
[WhiteElo "2293"]
[BlackElo "2571"]
[WhiteFideId "11600659"]
[BlackFideId "14113171"]
[EventDate "2011.12.17"]

1. Nf3 Nf6 2. c4 b6 3. d4 e6 4. g3 Ba6 5. Qc2 Bb4+ 6. Bd2 Be7 7. Bg2 d5 8. Ne5
O-O 9. O-O c6 10. Rd1 Qc8 11. b3 Nbd7 12. Bc3 Nxe5 13. dxe5 Nd7 14. Nd2 b5 15.
Rac1 bxc4 16. bxc4 Nb6 17. cxd5 cxd5 18. Bf3 Ba3 19. Bb2 Qxc2 20. Rxc2 Bxb2 21.
Rxb2 Rac8 22. Rb3 Nd7 23. Ra3 Rc6 24. e4 d4 25. Nb3 Nxe5 26. Nxd4 Rd6 27. Kg2
Nxf3 28. Kxf3 e5 29. Nf5 Rxd1 30. Rxa6 Rd7 31. g4 f6 32. h4 Rc8 33. Ne3 Rc3 34.
g5 fxg5 35. hxg5 Rcd3 36. Ra5 Rd2 37. Ng4 Rf7+ 38. Ke3 Rb2 39. f3 Rfb7 40. g6
R2b5 41. gxh7+ Kxh7 42. Ra6 Rc7 43. Kf2 Rcc5 44. Rxa7 Ra5 45. Re7 Rxa2+ 46. Kg3
Rc1 47. Rxe5 Rg1+ 48. Kf4 Ra3 49. Rh5+ Kg8 50. Rg5 Rf1 51. Ne5 Rc3 52. Rg6 Rc8
53. Re6 Rg1 54. Re7 Rf8+ 55. Ke3 Ra1 56. Re6 Ra3+ 57. Kf2 Kh7 58. Kg3 Rc3 59.
Kg4 1/2-1/2

[Event "European Rapid 2011"]
[Site "Warsaw POL"]
[Date "2011.12.18"]
[Round "9"]
[White "Moranda, Wojciech"]
[Black "Mickiewicz, Piotr"]
[Result "0-1"]
[WhiteTitle "GM"]
[WhiteElo "2568"]
[BlackElo "2373"]
[WhiteFideId "1122401"]
[BlackFideId "1114891"]
[EventDate "2011.12.17"]

1. d4 d5 2. c4 dxc4 3. Nf3 Nf6 4. e3 Bg4 5. Bxc4 e6 6. Nc3 a6 7. h3 Bh5 8. g4
Bg6 9. Ne5 c6 10. Nxg6 hxg6 11. Bf1 Nbd7 12. Bg2 Qc7 13. Bd2 Bd6 14. Rc1 g5 15.
h4 gxh4 16. g5 Nd5 17. g6 N7f6 18. Qc2 fxg6 19. Qxg6+ Qf7 20. Qxf7+ Kxf7 21. Ne2
g5 22. e4 h3 23. Bf3 g4 24. exd5 gxf3 25. dxe6+ Kxe6 26. Ng1 Kf5 27. Nxf3 Rae8+
28. Kf1 Ne4 29. Be1 Kg4 30. Ng1 Ng5 31. Bd2 h2 32. Bxg5 Kxg5 33. Nf3+ Kf4 34.
Rc3 Kf5 35. Rb3 Rh7 36. Nd2 Bf4 37. Nf3 Rg8 38. Rc3 Ke4 39. Ke2 Rh5 40. Rd3 Kd5
41. Rc3 Re8+ 42. Kf1 Bd6 43. Rb3 b5 44. Rc3 a5 45. Kg2 Rg8+ 46. Kf1 a4 47. Re3
Bf4 48. Re7 Rh3 49. Rd7+ Ke6 0-1

[Event "European Rapid 2011"]
[Site "Warsaw POL"]
[Date "2011.12.18"]
[Round "9"]
[White "Paterek, Michal"]
[Black "Zontakh, Andrey"]
[Result "0-1"]
[WhiteTitle "FM"]
[BlackTitle "GM"]
[WhiteElo "2257"]
[BlackElo "2566"]
[WhiteFideId "1116142"]
[BlackFideId "14101130"]
[EventDate "2011.12.17"]

1. d4 Nf6 2. c4 e6 3. Nc3 Bb4 4. e3 O-O 5. Ne2 d5 6. a3 Be7 7. cxd5 Nxd5 8. e4
Nxc3 9. Nxc3 c5 10. d5 exd5 11. exd5 Bd6 12. Be2 Bf5 13. O-O Nd7 14. Be3 a6 15.
a4 Re8 16. a5 Qf6 17. Qd2 Ne5 18. Ra4 Ng6 19. Bg5 Qe5 20. f4 Qe3+ 21. Qxe3 Rxe3
22. g4 Bc2 23. f5 Rxe2 24. fxg6 hxg6 25. Nxe2 Bxa4 26. Nc3 Bc2 27. Rc1 Bd3 28.
Na4 f6 29. Be3 c4 30. Nc5 Re8 31. Nxb7 Be5 32. d6 Bxd6 33. Nxd6 Rxe3 34. Nxc4
Re4 35. Nd2 Rxg4+ 36. Kf2 Ra4 37. Rc8+ Kh7 38. Rc3 Bb5 39. Nb3 Rb4 40. Ke3 g5
41. Kf3 Kg6 42. Ke3 f5 43. Nd4 Rxb2 44. Nxb5 Rxb5 45. Rc6+ Kh5 46. Rxa6 Rb2 47.
Ra7 Ra2 48. Rxg7 Kg4 49. Ra7 0-1

[Event "European Rapid 2011"]
[Site "Warsaw POL"]
[Date "2011.12.18"]
[Round "9"]
[White "Antoniewski, Rafal"]
[Black "Nikologorskiy, Konstantin"]
[Result "1-0"]
[WhiteTitle "GM"]
[BlackTitle "FM"]
[WhiteElo "2559"]
[BlackElo "2336"]
[WhiteFideId "1111078"]
[BlackFideId "24111708"]
[EventDate "2011.12.17"]

1. e4 c5 2. Nc3 d6 3. Nf3 Nf6 4. d4 cxd4 5. Nxd4 a6 6. Be2 e5 7. Nb3 Be7 8. O-O
O-O 9. Re1 Be6 10. Bf3 Nbd7 11. a4 Qc7 12. a5 Rac8 13. Be3 Rfd8 14. h3 h6 15.
Re2 Nh7 16. Rd2 Ng5 17. Bg4 Bxg4 18. hxg4 Qc6 19. Nd5 Kf8 20. f3 Ne6 21. Qe2 Bg5
22. Rad1 Ndc5 23. Nc1 Bxe3+ 24. Qxe3 Qb5 25. Qa3 Qa4 26. Qxa4 Nxa4 27. c3 g6 28.
Ne2 Nc7 29. Ne3 Ke7 30. b4 b5 31. axb6 Nxb6 32. c4 Ne6 33. Rc1 Nf4 34. Nc3 Kf8
35. g3 Ne6 36. Ne2 Rc6 37. Ra2 Nd4 38. Kf2 Nxe2 39. Kxe2 Na8 40. Rca1 Nc7 41.
Kd3 Rc8 42. Rh1 Kg7 43. Rah2 Rb8 44. Nc2 Rh8 45. f4 exf4 46. gxf4 Ne6 47. f5
Nf4+ 48. Kd4 g5 49. Ne3 Rb6 50. f6+ Kg6 51. Nf5 h5 52. gxh5+ Kxf6 53. Kc3 Ke5
54. h6 Kxe4 55. Ne7 d5 56. Re1+ Kf3 57. Nf5 dxc4 58. h7 Nd5+ 59. Kxc4 Rxb4+ 60.
Kc5 Rb5+ 61. Kd4 Rb4+ 62. Ke5 Nf4 63. Re3+ 1-0

[Event "European Rapid 2011"]
[Site "Warsaw POL"]
[Date "2011.12.18"]
[Round "9"]
[White "Gdanski, Jacek"]
[Black "Lewtak, Damian"]
[Result "1/2-1/2"]
[WhiteTitle "GM"]
[WhiteElo "2538"]
[BlackElo "2138"]
[WhiteFideId "1100106"]
[BlackFideId "1141724"]
[EventDate "2011.12.17"]

1. d4 d5 2. c4 c6 3. Nf3 Nf6 4. Qb3 Qb6 5. Nc3 e6 6. e3 Nbd7 7. Bd3 Bd6 8. O-O
O-O 9. e4 dxe4 10. Nxe4 Nxe4 11. Bxe4 Qxb3 12. axb3 e5 13. Rd1 exd4 14. Nxd4 Nf6
15. Bf3 Be5 16. h3 a6 17. Be3 Be6 18. Nxe6 fxe6 19. Rd2 Rfd8 20. Re2 Bc7 21. Bd2
Kf7 22. Bc3 Rd3 23. b4 Rad8 24. Ree1 h6 25. Kf1 Bf4 26. Ke2 R3d7 27. Red1 Rxd1
28. Rxd1 Rxd1 29. Kxd1 Bd6 30. b5 axb5 31. cxb5 Nd5 32. bxc6 bxc6 33. Bd2 Be5
34. b3 Ke7 35. Ke2 Kd6 36. Kd3 Bf6 37. g3 Be5 38. Bh5 Bf6 39. Be8 Be5 40. f4 Bf6
41. g4 g5 42. fxg5 hxg5 43. Ke4 1/2-1/2

[Event "European Rapid 2011"]
[Site "Warsaw POL"]
[Date "2011.12.18"]
[Round "9"]
[White "Valgmae, Toomas"]
[Black "Warakomski, Tomasz"]
[Result "1/2-1/2"]
[BlackTitle "IM"]
[WhiteElo "2208"]
[BlackElo "2492"]
[WhiteFideId "4502523"]
[BlackFideId "1124552"]
[EventDate "2011.12.17"]

1. d4 g6 2. e4 Bg7 3. Nc3 c6 4. Nf3 d6 5. h3 Qc7 6. a4 Nd7 7. Be2 Ngf6 8. O-O
O-O 9. Bg5 e5 10. Re1 Re8 11. Bc4 b6 12. d5 Bb7 13. dxc6 Bxc6 14. Nb5 Bxb5 15.
Bxb5 a6 16. Bxf6 Bxf6 17. Bxd7 Qxd7 18. Qd3 Qc6 19. c4 Rf8 20. Red1 Be7 21. Qd5
Qxd5 22. Rxd5 f5 23. Nd2 Kf7 24. Kf1 Ke6 25. Ke2 Bg5 26. Rd1 Rac8 27. b3 Bxd2
28. R1xd2 Rc6 29. Ke3 Rf6 30. f3 f4+ 31. Ke2 g5 32. a5 h5 33. Kd3 g4 34. hxg4
hxg4 35. b4 bxa5 36. Rxa5 Rg6 37. b5 axb5 38. cxb5 Rc5 39. Rc2 gxf3 40. gxf3
Rxc2 41. Kxc2 Rg2+ 42. Kc1 Rf2 43. Ra3 Kd7 44. Rc3 Ra2 45. b6 Ra6 46. Rc7+ Kd8
47. Rc6 Kd7 48. Rc7+ Kd8 1/2-1/2

[Event "European Rapid 2011"]
[Site "Warsaw POL"]
[Date "2011.12.18"]
[Round "9"]
[White "Ladva, Ottomar"]
[Black "Podolchenko, Evgeniy"]
[Result "0-1"]
[BlackTitle "GM"]
[WhiteElo "2106"]
[BlackElo "2484"]
[WhiteFideId "4500024"]
[BlackFideId "13504134"]
[EventDate "2011.12.17"]

1. e4 e6 2. d4 d5 3. Nc3 Nf6 4. e5 Nfd7 5. f4 c5 6. Nf3 Nc6 7. Be3 Qb6 8. Qd2
cxd4 9. Nxd4 Qxb2 10. Rb1 Qa3 11. Be2 a6 12. O-O Nxd4 13. Bxd4 Bc5 14. Kh1 Bxd4
15. Qxd4 Qc5 16. Qd3 O-O 17. a4 f6 18. Bg4 f5 19. Bf3 Qc7 20. Ne2 Nc5 21. Qa3
Bd7 22. Nd4 Rfe8 23. a5 Rad8 24. Rb6 Bc8 25. Rc6 bxc6 26. Qxc5 Bd7 27. Rb1 Rb8
28. Rb6 Rxb6 29. axb6 Rb8 30. Nxf5 Qxb6 31. Ne7+ Kf7 0-1

[Event "European Rapid 2011"]
[Site "Warsaw POL"]
[Date "2011.12.18"]
[Round "9"]
[White "Probola, Bartosz"]
[Black "Kanarek, Marcel"]
[Result "0-1"]
[BlackTitle "IM"]
[WhiteElo "2094"]
[BlackElo "2467"]
[WhiteFideId "1126644"]
[BlackFideId "1126822"]
[EventDate "2011.12.17"]

1. e4 c5 2. Nc3 Nc6 3. f4 g6 4. Nf3 Bg7 5. Bc4 e6 6. f5 Nge7 7. fxe6 dxe6 8. d3
a6 9. a4 O-O 10. O-O Nd4 11. Bg5 h6 12. Be3 Nec6 13. Ne2 Kh7 14. Nexd4 cxd4 15.
Bd2 f5 16. Qe2 f4 17. e5 Rf5 18. Qe4 Nxe5 19. Nxe5 Rxe5 20. Qxf4 Re2 21. Rf2 e5
22. Qf3 Rxf2 23. Kxf2 Bf5 24. Re1 Qb6 25. Bb3 Rf8 26. Kg1 Be6 27. Qd1 Bxb3 28.
cxb3 Qe6 29. Rf1 Rxf1+ 30. Kxf1 e4 31. Qc2 Qf5+ 32. Ke2 exd3+ 33. Qxd3 Qe5+ 34.
Kf1 Qxh2 35. Qf3 Qc7 36. Ke2 b5 37. axb5 axb5 38. Qd5 Qg3 39. Kf1 Qd3+ 40. Ke1
h5 41. b4 Qg3+ 42. Kf1 Qd3+ 43. Ke1 h4 44. Qg5 Qe4+ 45. Kf1 d3 46. Kg1 Bd4+ 47.
Kh2 Be5+ 48. Kg1 Bxb2 49. Qxb5 Bd4+ 50. Kh2 Be5+ 51. Kg1 Bd4+ 52. Kh2 Be5+ 53.
Kg1 Qd4+ 54. Kf1 Qa1+ 55. Kf2 Bg3+ 56. Ke3 Qg1+ 57. Ke4 Qxg2+ 58. Ke3 0-1

[Event "European Rapid 2011"]
[Site "Warsaw POL"]
[Date "2011.12.18"]
[Round "9"]
[White "Kula, Robert"]
[Black "Mista, Aleksander"]
[Result "0-1"]
[WhiteTitle "FM"]
[BlackTitle "GM"]
[WhiteElo "2341"]
[BlackElo "2587"]
[WhiteFideId "1101218"]
[BlackFideId "1110381"]
[EventDate "2011.12.17"]

1. e4 c5 2. Nf3 Nc6 3. d4 cxd4 4. Nxd4 Nf6 5. Nc3 e5 6. Ndb5 d6 7. Bg5 a6 8. Na3
b5 9. Nd5 Be7 10. Bxf6 Bxf6 11. c3 Bg5 12. Be2 O-O 13. O-O f5 14. exf5 Bxf5 15.
Nc2 Bg6 16. a4 bxa4 17. Rxa4 a5 18. Bd3 Bf7 19. Nce3 Rb8 20. Qb1 g6 21. g3 Ne7
22. Nxe7+ Bxe7 23. Bc4 d5 24. Nxd5 Bxd5 25. Rd1 Qb6 26. Bxd5+ Kg7 27. Rd2 Bg5
28. Re2 Rxf2 29. Rxf2 Rf8 30. Rf4 exf4 31. Kg2 Re8 32. Qd3 Re3 33. Qc4 Re1 34.
h4 Rg1+ 35. Kxg1 fxg3 36. Qd4+ Qxd4 37. cxd4 Be3 38. Kg2 gxf2 39. Bf3 Bxd4 40.
b3 h5 41. Be4 Bf6 42. Kxf2 Bxh4+ 43. Kf3 Be7 44. Bc6 g5 45. Be8 Kh6 46. Kg3 Bd6+
47. Kf3 g4+ 48. Ke4 Kg5 49. Ke3 Bc5+ 50. Ke4 h4 51. Bb5 h3 52. Bf1 Kh4 53. Kf4
Bd6+ 54. Ke3 Kg5 0-1

[Event "European Rapid 2011"]
[Site "Warsaw POL"]
[Date "2011.12.18"]
[Round "9"]
[White "Kantans, Toms"]
[Black "Shimanov, Aleksandr"]
[Result "1-0"]
[WhiteTitle "FM"]
[BlackTitle "GM"]
[WhiteElo "2338"]
[BlackElo "2549"]
[WhiteFideId "11602945"]
[BlackFideId "4198603"]
[EventDate "2011.12.17"]

1. e4 c6 2. Nc3 d5 3. Nf3 Bg4 4. h3 Bh5 5. exd5 cxd5 6. g4 Bg6 7. Bb5+ Nc6 8.
Ne5 Rc8 9. d4 e6 10. h4 f6 11. Nxg6 hxg6 12. Qd3 Kf7 13. Bxc6 Rxc6 14. Bd2 Bd6
15. O-O-O Ne7 16. Kb1 a6 17. Rde1 b5 18. Nd1 b4 19. h5 g5 20. Re2 a5 21. Rhe1
Bc7 22. Ne3 Qg8 23. a3 bxa3 24. Qxa3 Qh7 25. Qa4 Rd8 26. b3 Bb6 27. Bc1 Rdc8 28.
Ba3 Ng8 29. f3 g6 30. Nxd5 exd5 31. Qb5 Qh6 32. Qxd5+ Kg7 33. Re8 Qh8 34. Bf8+ 1-0

[Event "European Rapid 2011"]
[Site "Warsaw POL"]
[Date "2011.12.18"]
[Round "9"]
[White "Gritsak, Orest"]
[Black "Kujawski, Adam"]
[Result "1-0"]
[WhiteTitle "GM"]
[WhiteElo "2548"]
[BlackElo "2325"]
[WhiteFideId "14102188"]
[BlackFideId "1100920"]
[EventDate "2011.12.17"]

1. Nf3 c5 2. c4 Nc6 3. Nc3 e5 4. e3 f5 5. d4 e4 6. d5 exf3 7. dxc6 dxc6 8. Qxd8+
Kxd8 9. gxf3 Nf6 10. b3 Bd6 11. Bb2 Kc7 12. Ne2 Rf8 13. O-O-O Bd7 14. Rg1 g6 15.
Nf4 Rae8 16. h4 b6 17. Kc2 Bc8 18. Bc3 Bxf4 19. exf4 Nd7 20. h5 Re6 21. hxg6
hxg6 22. Bd3 Rfe8 23. Rg2 R8e7 24. Rh1 a6 25. Rh8 Rf7 26. Rg8 Nf8 27. Rh2 Nh7
28. Rh6 Bd7 29. Bg7 Nf6 30. Bxf6 Rfxf6 31. Rg7 Rd6 32. Kc3 Rd4 33. Rhxg6 Rxg6
34. Rxg6 Rxf4 35. Be2 Rd4 36. Rf6 Kb7 37. b4 Kc7 38. bxc5 bxc5 39. Rf8 Rh4 40.
Kd2 Be6 41. Bd3 1-0

[Event "European Rapid 2011"]
[Site "Warsaw POL"]
[Date "2011.12.18"]
[Round "9"]
[White "Weichhold, Pawel"]
[Black "Gabrielian, Artur"]
[Result "0-1"]
[BlackTitle "GM"]
[WhiteElo "2304"]
[BlackElo "2545"]
[WhiteFideId "1139703"]
[BlackFideId "4131002"]
[EventDate "2011.12.17"]

1. e4 g6 2. d4 Bg7 3. Nc3 d6 4. f4 Nf6 5. Nf3 c5 6. Bb5+ Nfd7 7. dxc5 O-O 8.
Bxd7 Nxd7 9. cxd6 exd6 10. O-O Nb6 11. Kh1 Re8 12. Re1 Be6 13. Be3 Nc4 14. Bd4
Nxb2 15. Qc1 Nc4 16. f5 gxf5 17. exf5 Bxf5 18. Rxe8+ Qxe8 19. Bxg7 Kxg7 20. Qf4
Be6 21. Re1 Qd8 22. Rxe6 fxe6 23. Qxc4 Qf6 24. h4 Kh8 25. Qd3 h6 26. Ne4 Qa1+
27. Kh2 d5 28. Nf2 Rg8 29. Qe3 Qf6 30. g3 Rc8 31. Ne1 Rc4 32. Nfd3 Re4 33. Qd2
d4 34. Kg2 Re3 35. Kh2 e5 36. Ng2 Re4 37. Nc5 Rg4 38. Nd7 Qg7 39. Nc5 Rxg3 40.
Ne4 Rg4 41. Nd6 e4 42. Kh1 e3 43. Qe2 Rg6 44. Nb5 Qd7 45. Kh2 a6 46. Qd3 Rxg2+
47. Kxg2 Qg4+ 48. Kf1 axb5 49. Qxb5 Qf3+ 50. Kg1 Qg3+ 51. Kh1 Qxh4+ 0-1

[Event "European Rapid 2011"]
[Site "Warsaw POL"]
[Date "2011.12.18"]
[Round "9"]
[White "Tomczak, Jacek"]
[Black "Wintzer, Joachim"]
[Result "1-0"]
[WhiteTitle "IM"]
[BlackTitle "FM"]
[WhiteElo "2544"]
[BlackElo "2324"]
[WhiteFideId "1124668"]
[BlackFideId "4602854"]
[EventDate "2011.12.17"]

1. e4 e6 2. d4 d5 3. Nc3 Bb4 4. e5 Ne7 5. a3 Bxc3+ 6. bxc3 c5 7. h4 Nbc6 8. h5
h6 9. Qg4 Nf5 10. Bd3 O-O 11. Nf3 Qa5 12. Bd2 Qa4 13. Qf4 c4 14. Bxf5 exf5 15.
Kd1 Be6 16. Rh3 Kh8 17. Rg3 Rg8 18. Rxg7 Rxg7 19. Qxh6+ Kg8 20. Qf6 Qa5 21. Bh6
Rh7 22. Qg5+ Kh8 23. Qf6+ Kg8 24. Qg5+ Kh8 25. Kd2 Qd8 26. Qf4 Qg8 27. Bg5 Rxh5
28. Bf6+ Kh7 29. Ng5+ Kg6 30. Qg3 f4 31. Qxf4 Re8 32. g4 Rh6 33. Qg3 Ne7 34. f4
Qf8 35. Rf1 Bf5 36. gxf5+ Nxf5 37. Qg2 Rh5 38. Ne6+ Kh7 39. Nxf8+ Rxf8 40. Rh1 1-0

[Event "European Rapid 2011"]
[Site "Warsaw POL"]
[Date "2011.12.18"]
[Round "9"]
[White "Meskovs, Nikita"]
[Black "Durarbeyli, Vasif"]
[Result "1-0"]
[WhiteTitle "FM"]
[BlackTitle "GM"]
[WhiteElo "2292"]
[BlackElo "2539"]
[WhiteFideId "11602740"]
[BlackFideId "13402935"]
[EventDate "2011.12.17"]

1. d4 e6 2. c4 c5 3. d5 exd5 4. cxd5 d6 5. Nc3 a6 6. a4 g6 7. Nf3 Bg7 8. Nd2 Nf6
9. e4 O-O 10. Be2 Re8 11. O-O Qc7 12. Re1 Nbd7 13. Bf1 Rb8 14. Nc4 b5 15. axb5
axb5 16. Na5 b4 17. Nb5 Qb6 18. Nc6 Nxe4 19. Rxe4 Rxe4 20. Nxd6 Rd4 21. Qf3 Ne5
22. Nxe5 Qc7 23. Nexf7 Bd7 24. Be3 Rf8 25. Bxd4 Bxd4 26. Qf4 Bf5 27. Nh6+ Kh8
28. Nhxf5 gxf5 29. Ra6 Bxb2 30. Rc6 Qg7 31. Nc4 Bd4 32. Rc7 Qg8 33. Qh6 Rf6 34.
Qh3 h6 35. d6 Qe6 36. Re7 Qd5 37. d7 1-0

[Event "European Rapid 2011"]
[Site "Warsaw POL"]
[Date "2011.12.18"]
[Round "9"]
[White "Rawicz, Karol"]
[Black "Olszewski, Michal"]
[Result "0-1"]
[WhiteTitle "FM"]
[BlackTitle "GM"]
[WhiteElo "2269"]
[BlackElo "2539"]
[WhiteFideId "1141791"]
[BlackFideId "1121251"]
[EventDate "2011.12.17"]

1. d4 Nf6 2. c4 e6 3. Nc3 Bb4 4. e3 O-O 5. Nf3 c5 6. a3 cxd4 7. axb4 dxc3 8.
bxc3 b6 9. b5 d5 10. Ba3 Re8 11. cxd5 exd5 12. Be2 Bg4 13. O-O Nbd7 14. h3 Bh5
15. Bb4 Qc7 16. Ra2 Bxf3 17. Bxf3 Ne5 18. Be2 Nc4 19. Qd3 Qd7 20. Rfa1 Rec8 21.
Qd4 Rc7 22. Qf4 Rac8 23. Bg4 Nxg4 24. Qxg4 f5 25. Qd4 Rd8 26. Qf4 Qf7 27. Rd1 h6
28. Rda1 Rdd7 29. Rd1 Qe6 30. Qd4 Ne5 31. Rda1 Rc4 32. Qd1 Qf7 33. Qe2 Kh7 34.
Ra4 Ng6 35. Qh5 f4 36. exf4 Rxf4 37. R4a2 d4 38. cxd4 Rfxd4 39. Bc3 Rd3 40. Be1
R3d5 41. Qe2 Re5 42. Qc2 Rxb5 43. Ra3 Rc5 44. Qe4 Re5 45. Qb1 Kg8 46. Rf3 Qe6
47. Bc3 Rg5 48. Re3 Qd5 49. Qe4 Nf4 50. Qxd5+ Nxd5 51. Rf3 Nxc3 52. Rxc3 Rgd5
53. Kh2 Kf7 54. Ra6 Rb7 55. Rca3 Rdd7 56. g4 Ke6 57. R3a5 Rdc7 58. Kg3 Rc3+ 59.
f3 Rf7 60. Rf5 Rcc7 61. Rb5 Kd6 62. h4 Rc3 63. Rf5 Rxf5 64. gxf5 Rc7 65. Kg4 Ke5
66. f4+ Kd4 0-1

[Event "European Rapid 2011"]
[Site "Warsaw POL"]
[Date "2011.12.18"]
[Round "9"]
[White "Piorun, Kacper"]
[Black "Cooper, Lawrence H"]
[Result "1-0"]
[WhiteTitle "IM"]
[BlackTitle "IM"]
[WhiteElo "2520"]
[BlackElo "2317"]
[WhiteFideId "1130420"]
[BlackFideId "401536"]
[EventDate "2011.12.17"]

1. e4 e5 2. Nf3 d6 3. d4 exd4 4. Nxd4 Nf6 5. Nc3 Be7 6. g3 d5 7. Bg2 dxe4 8.
Nxe4 O-O 9. O-O Nxe4 10. Bxe4 Nd7 11. Bf4 Nf6 12. Bg2 Bg4 13. Qd3 c6 14. h3 Bd7
15. Rfe1 Re8 16. Nf5 Bxf5 17. Qxf5 Bf8 18. Rxe8 Qxe8 19. Be5 Qd7 20. Qxd7 Nxd7
21. Bc3 Nb6 22. Rd1 Be7 23. Kf1 Rd8 24. Rxd8+ Bxd8 25. b3 Nd7 26. Ke2 Kf8 27. b4
a6 28. f4 Bf6 29. Bd2 Ke7 30. Kd3 Kd6 31. a4 b6 32. g4 h6 33. Be4 Bd8 34. Bc3
Bf6 35. Bd2 Be7 36. Be3 b5 37. a5 Kc7 38. c3 Nf6 39. Bf3 Bd6 40. Bd2 Nd5 41. Ke4
Kd7 42. h4 Be7 43. g5 hxg5 44. fxg5 g6 45. Bg4+ Kc7 46. Kd3 c5 47. Bf3 Kd6 48.
h5 gxh5 49. bxc5+ Ke6 50. Kd4 1-0

[Event "European Rapid 2011"]
[Site "Warsaw POL"]
[Date "2011.12.18"]
[Round "9"]
[White "Jaroch, Pawel"]
[Black "Stupak, Kirill"]
[Result "0-1"]
[BlackTitle "GM"]
[WhiteElo "2248"]
[BlackElo "2503"]
[WhiteFideId "1124366"]
[BlackFideId "13503758"]
[EventDate "2011.12.17"]

1. d4 e6 2. c4 Bb4+ 3. Bd2 a5 4. a3 Bxd2+ 5. Qxd2 d6 6. Nc3 Nf6 7. Nf3 O-O 8. g3
Nc6 9. b3 e5 10. Bg2 Bg4 11. e3 Bxf3 12. Bxf3 exd4 13. exd4 Re8+ 14. Kf1 Ne7 15.
Kg2 d5 16. c5 Nf5 17. Qd3 Qd7 18. Rhe1 g6 19. Re5 c6 20. Rae1 Rad8 21. b4 axb4
22. axb4 Rxe5 23. dxe5 Ne8 24. Ne2 Neg7 25. Nd4 Nxd4 26. Qxd4 h5 27. g4 Ne6 28.
Qd2 h4 29. Qh6 Qe7 30. g5 Qxg5+ 31. Qxg5 Nxg5 32. Ra1 d4 33. Bd1 Ne4 34. f4 Nc3
35. Kf3 Kg7 36. Bb3 Rd7 37. Bc4 d3 38. Rc1 d2 0-1

[Event "European Rapid 2011"]
[Site "Warsaw POL"]
[Date "2011.12.18"]
[Round "10"]
[White "Azarov, Sergei"]
[Black "Sjugirov, Sanan"]
[Result "1/2-1/2"]
[WhiteTitle "GM"]
[BlackTitle "GM"]
[WhiteElo "2667"]
[BlackElo "2622"]
[WhiteFideId "13501470"]
[BlackFideId "4189302"]
[EventDate "2011.12.17"]

1. e4 c5 2. Nf3 Nc6 3. d4 cxd4 4. Nxd4 Nf6 5. Nc3 g6 6. Nxc6 dxc6 7. Qxd8+ Kxd8
8. Bf4 Ke8 9. O-O-O Be6 10. f3 Bg7 11. a4 Rd8 12. Be2 Rxd1+ 13. Rxd1 Nd7 14. a5
Bxc3 15. bxc3 a6 16. Bc7 f6 17. Kd2 Kf7 18. Rb1 Nc5 19. Bb6 Na4 20. Bc7 Nc5 21.
Bb6 Na4 22. Be3 Rd8+ 23. Bd3 c5 24. Ra1 Bc4 25. Rxa4 Bb5 26. Ra1 c4 27. Bb6 Rd7
28. Rd1 cxd3 29. Kc1 dxc2 30. Rxd7 Bxd7 31. Kxc2 Bb5 1/2-1/2

[Event "European Rapid 2011"]
[Site "Warsaw POL"]
[Date "2011.12.18"]
[Round "10"]
[White "Volokitin, Andrei"]
[Black "Zhigalko, Sergei"]
[Result "1-0"]
[WhiteTitle "GM"]
[BlackTitle "GM"]
[WhiteElo "2695"]
[BlackElo "2651"]
[WhiteFideId "14107090"]
[BlackFideId "13502956"]
[EventDate "2011.12.17"]

1. e4 c5 2. Nf3 d6 3. d4 cxd4 4. Nxd4 Nf6 5. Nc3 a6 6. Be3 e5 7. Nf3 Be7 8. Bc4
O-O 9. O-O Nc6 10. Bb3 Na5 11. Bg5 Be6 12. Bxf6 Bxf6 13. Nd5 Nxb3 14. axb3 Bg5
15. Nxg5 Qxg5 16. b4 Rad8 17. Ra3 Kh8 18. Re1 f5 19. Rg3 Qh4 20. Rh3 Qg5 21. Rh5
Qg4 22. exf5 Qxd1 23. Rxd1 Bxf5 24. Rd2 Be6 25. Rh4 Kg8 26. b5 axb5 27. Rb4 Bd7
28. Nc3 Bc6 29. Nxb5 d5 30. c3 Ra8 31. f3 Ra1+ 32. Kf2 Rd8 33. Re2 Re8 34. Nd6
Re7 35. Nf5 Re8 36. f4 e4 37. Rd2 h6 38. Ne3 Rf8 39. g3 g5 40. f5 g4 41. Rbd4 h5
42. Rd1 Rxd1 43. Rxd1 Kg7 44. Kg2 Kf6 45. Nxd5+ Bxd5 46. Rxd5 Ra8 47. Kf2 Ra1
48. Ke3 Re1+ 49. Kf4 e3 50. Rd6+ Kf7 51. Kg5 Re2 52. Kxh5 Rxh2+ 53. Kxg4 Rxb2
54. Re6 e2 55. Kf3 Rc2 56. Rxe2 Rxc3+ 57. Kf4 b5 58. Re6 b4 59. Rb6 Rb3 60. g4
Rb1 61. Rb7+ Kf8 62. g5 b3 63. Ke5 Ke8 64. g6 b2 65. Kf6 1-0

[Event "European Rapid 2011"]
[Site "Warsaw POL"]
[Date "2011.12.18"]
[Round "10"]
[White "Bartel, Mateusz"]
[Black "Bryzgalin, Kirill"]
[Result "1-0"]
[WhiteTitle "GM"]
[BlackTitle "GM"]
[WhiteElo "2653"]
[BlackElo "2467"]
[WhiteFideId "1112635"]
[BlackFideId "4133285"]
[EventDate "2011.12.17"]

1. e4 c5 2. Nf3 Nc6 3. Bb5 g6 4. c3 Nf6 5. Qe2 Bg7 6. d4 cxd4 7. cxd4 O-O 8. d5
Nb8 9. Nc3 d6 10. h3 Bd7 11. Bd3 b5 12. a3 a6 13. O-O Be8 14. Be3 Nbd7 15. Rac1
Nb6 16. Na2 Qb8 17. b3 Qb7 18. Nd4 Bd7 19. Nc6 e6 20. Na5 Qb8 21. dxe6 fxe6 22.
Nb4 Kh8 23. Rc2 Rc8 24. Rfc1 Ne8 25. Rxc8 Nxc8 26. Qf3 Kg8 27. e5 d5 28. Nxd5
Bxe5 29. Bh6 Qd6 30. Nb4 Nb6 31. Be4 Rc8 32. Rd1 Qe7 33. Nac6 Bxc6 34. Nxc6 Rxc6
35. Bxc6 Nf6 36. Bf4 Qc7 37. Bxe5 Qxe5 38. Qe3 Qxe3 39. Rd8+ Kf7 40. fxe3 Ke7
41. Rb8 Nbd5 42. Bxd5 Nxd5 43. Kf2 h5 44. Ra8 Nc7 45. Rg8 1-0